000 00239nam a2200121Ia 4500
100 _a#N/A
650 _aComputer/ IT
942 _cBK
654 _acomputer
245 _aComputer Network & Internets
260 _b#N/A
546 _aENGLISH
999 _c22980
_d22980